Elenca la formazione - Quiz n°273 - Statistics

Statistiche generali
  • Questo quiz è stato fatto 33 volte
  • Il punteggio medio è 8 su 11
Statistiche sulle risposte
Ruolo Club dell'epoca Calciatore % Corretto
Trequartista Real Madrid Zinédine Zidane
100%
Portiere Olympique Marsiglia Fabien Barthez
87%
Attaccante Arsenal Thierry Henry
87%
Difensore Juventus Lilian Thuram
84%
Centrocampista Chelsea Claude Makélélé
74%
Ala Olympique Marsiglia Franck Ribéry
68%
Centrocampista Juventus Patrick Vieira
68%
Difensore Bayern Monaco Willy Sagnol
61%
Ala Olympique Lione Florent Malouda
55%
Difensore Arsenal William Gallas
45%
Difensore Olympique Lione Éric Abidal
42%
Nessun quiz corrispondente trovato
Distribuzione punteggi
Percentuale di utenti per punteggio
Percentile per numero di risposta
I tuoi punteggi nel tempo
Non hai fatto questo quiz